Psicoanálisis y Medicina (Record no. 145425)

MARC details
000 -LEADER
campo de control de longitud fija 00584nam a2200181 4500
001 - NÚMERO DE CONTROL
campo de control 145425
003 - IDENTIFICADOR DE NÚMERO DE CONTROL
campo de control ES-MaACL
005 - FECHA Y HORA DE LA ÚLTIMA TRANSACCIÓN
campo de control 20230906201229.0
007 - CAMPO FIJO DE DESCRIPCIÓN FÍSICA--INFORMACIÓN GENERAL
campo de control de longitud fija t|
008 - DATOS DE LONGITUD FIJA--INFORMACIÓN GENERAL
campo de control de longitud fija 070214s1965 mx r ||||1| spa d
100 1# - ENTRADA PRINCIPAL--NOMBRE DE PERSONA
Nombre de persona Stephen, Karin.
9 (RLIN) 108105
245 10 - MENCIÓN DEL TÍTULO
Título Psicoanálisis y Medicina
Resto del título : el deseo de enfermarse /
Mención de responsabilidad, etc. por Karin Stephen ; [traducción... de Florentino Torner].
250 ## - MENCION DE EDICION
Mención de edición 1ª ed.
260 ## - PUBLICACIÓN, DISTRIBUCIÓN, ETC.
Lugar de publicación, distribución, etc. México :
Nombre del editor, distribuidor, etc. Joaquín Mortiz,
Fecha de publicación, distribución, etc. 1965 (
Fabricante Imp. Americana)
300 ## - DESCRIPCIÓN FÍSICA
Extensión 266 p. ;
Dimensiones 19 cm.
700 0# - ENTRADA AGREGADA--NOMBRE PERSONAL
Nombre de persona Torner, Florentino M.
9 (RLIN) 110662
852 ## - LOCALIZACIÓN
Ubicación ES-MaACL
Número de control de estantería E-9597
Sublocalización o colección R.93715
Holdings
Estatus retirado Estado de pérdida Estado de daño No para préstamo Biblioteca de origen Biblioteca actual Ubicación en estantería Fecha de adquisición Fuente de adquisición Total de préstamos Signatura topográfica completa Código de barras Visto por última vez Precio de reemplazo Tipo de ítem Koha
        Biblioteca del Ateneo de Madrid Biblioteca del Ateneo de Madrid Depósito 2 17/01/2008     E-9597 1151801 23/02/2023 23/02/2023 Libro impreso